000 00897nam a22003017a 4500
001 BR7602725
003 BR-BrBNA
005 20230928084955.0
007 ta
008 230509b bl.||||| |||| 00| 0 por d
040 _aBR-BrBNA
_bpor
_cBiblioteca Nacional de Agricultura
041 _a(Por)
072 _aA50; E15
_b/G514
090 _ A50 BR7602725
110 1 _aEmpresa Brasileira de Pesquisa Agropecuaria, Brasilia, DF
_93834
245 1 _aEMBRAPA - Orcamento operacional 1976 [Empresa Brasileira de Pesquisa Agropecuaria; Programa de pesquisa]
260 3 _aBrasilia, DF (Brasil):
_c1976.
300 _a52 p.
500 _a27 tables; 6 graphs
650 _aPesquisa agricola
650 _aMicroeconomia
650 _aPrograma de pesquisa
650 _aCusto operacional
650 _aDespesa
650 _aOrcamento
909 _a202309
_bLucia
_c55
_dLucia Elande
942 _cBK
999 _c22199
_d22199